000 01293nam a2200421 a 4500
003 AR-BaBNM
005 20251128204928.0
008 082120s2002 ||||||||||||||000 | spa||
020 _a84-277-1064-X
040 _cAR-BaBNM
245 0 0 _aOrganizaciones infantiles y juveniles de tiempo libre
260 _aMadrid
_bNarcea
_c1994
300 _a231 p.
_btablas
490 0 _aNarcea sociocultural
500 _aEspaña. Fundació Serveis de Cultura Popular
500 _aEsplai: actividades de tiempo libre para niños y jóvenes
500 _aBarcelona. Movimiento de colonias escolares
500 _aIndice de temas: p. 230-231
650 4 _aEDUCACION Y TIEMPO LIBRE
650 4 _aCENTROS DE ACTIVIDADES EXTRAESCOLARES
650 4 _aACTIVIDADES RECREATIVAS
650 4 _aNIÑOS
650 4 _aJUVENTUD
650 4 _aACTIVIDADES EN GRUPO
650 4 _aCLUBES
650 4 _aEDUCACION CRISTIANA
651 4 _aEspaña
653 _aCOLONIAS DE VACACIONES
700 1 _aBarba Boada, Carles
700 1 _aBatlle, J.
700 1 _aBatlle Suñer, Roser
700 1 _aGrau, S.
700 1 _aPujol i Humet, Joseo Oriol
700 1 _aQuintana Cabanas, José María
_etraductor
800 1 _aQuintana Cabanas, José María
_edirector
942 _cBK
998 _csilvi
999 _c9368
_d9368